Механизм формирования выбросоопасной ситуации и способы предотвращения выбросоопасности углепородного массива: учебное пособие

Detaylı Bibliyografya
Diğer Yazarlar: Красюк Н. Н. Николай Николаевич, Золотых С. С. Станислав Станиславович, Максименко Ю. М. Юрий Михайлович, Осыка Я. С. Яна Сильвестровна, Абрамкин Н. И. Николай Иванович
Özet:Приведены материалы по теоретическому обоснованию механизма формирования выбросоопасной ситуации при подземной разработке угольных месторождении. Дан анализ опыта предотвращения выбросоопасности углепородного массива, определена область проведения мероприятий в различных горно-геологических условиях. Для студентов вузов, обучающихся по специальности «Подземная разработка месторождений полезных ископаемых» направления подготовки дипломированных специалистов «Горное дело». Может быть полезна инженерно-техническим работникам шахт.
Dil:Rusça
Baskı/Yayın Bilgisi: Москва, Изд-во МГГУ, 2004
Seri Bilgileri:Высшее горное образование
Konular:
Materyal Türü: Kitap
KOHA link:https://koha.lib.tpu.ru/cgi-bin/koha/opac-detail.pl?biblionumber=108388

MARC

LEADER 00000nam0a2200000 4500
001 108388
005 20231101214809.0
010 |a 5741803385 
035 |a (RuTPU)RU\TPU\book\117011 
090 |a 108388 
100 |a 20070119d2004 m y0rusy50 ca 
101 0 |a rus 
102 |a RU 
105 |a y j 001zy 
200 1 |a Механизм формирования выбросоопасной ситуации и способы предотвращения выбросоопасности углепородного массива  |e учебное пособие  |f Н. Н. Красюк [и др.] 
210 |a Москва  |c Изд-во МГГУ  |d 2004 
215 |a 107 с. 
225 1 |a Высшее горное образование 
320 |a Библиогр.: с. 105-106. 
330 |a Приведены материалы по теоретическому обоснованию механизма формирования выбросоопасной ситуации при подземной разработке угольных месторождении. Дан анализ опыта предотвращения выбросоопасности углепородного массива, определена область проведения мероприятий в различных горно-геологических условиях. Для студентов вузов, обучающихся по специальности «Подземная разработка месторождений полезных ископаемых» направления подготовки дипломированных специалистов «Горное дело». Может быть полезна инженерно-техническим работникам шахт. 
606 1 |a Угольные шахты  |x Выбросы угля, внезапные  |2 stltpush  |3 (RuTPU)RU\TPU\subj\62803  |9 79870 
610 1 |a угольная промышленность 
610 1 |a угольные пласты 
610 1 |a уголь 
610 1 |a газ 
610 1 |a выбросоопасные зоны 
610 1 |a горно-геологические характеристики 
610 1 |a углеродные массивы 
610 1 |a выбросоопасность 
610 1 |a предотвращение 
610 1 |a учебные пособия 
675 |a 622.831.322(075.8)  |v 3 
701 1 |a Красюк  |b Н. Н.  |g Николай Николаевич 
701 1 |a Золотых  |b С. С.  |g Станислав Станиславович 
701 1 |a Максименко  |b Ю. М.  |g Юрий Михайлович 
701 1 |a Осыка  |b Я. С.  |g Яна Сильвестровна 
701 1 |a Абрамкин  |b Н. И.  |g Николай Иванович 
801 1 |a RU  |b 63413507  |c 20070119  |g PSBO 
801 2 |a RU  |b 63413507  |c 20140904  |g PSBO 
900 |a Горнопромышленная геология 
900 |a Горное дело 
942 |c BK 
951 |b 130404  |b 130400 
959 |a 1/20070112  |d 1  |e 125,00  |f ЧЗТЛ:1